<?xml version="1.0" encoding="UTF-8"?>
<record
    xmlns:xsi="http://www.w3.org/2001/XMLSchema-instance"
    xsi:schemaLocation="http://www.loc.gov/MARC21/slim http://www.loc.gov/standards/marcxml/schema/MARC21slim.xsd"
    xmlns="http://www.loc.gov/MARC21/slim">

  <leader>00388nam a2200145Ia 4500</leader>
  <controlfield tag="008">230411s9999    xx            000 0 und d</controlfield>
  <datafield tag="020" ind1=" " ind2=" ">
    <subfield code="a">978-81-8473-141-5</subfield>
  </datafield>
  <datafield tag="041" ind1=" " ind2=" ">
    <subfield code="a">eng</subfield>
  </datafield>
  <datafield tag="082" ind1=" " ind2=" ">
    <subfield code="a">S/610.73677/MAR/B05646</subfield>
  </datafield>
  <datafield tag="100" ind1=" " ind2=" ">
    <subfield code="a">Marino Paul</subfield>
    <subfield code="9">178001</subfield>
  </datafield>
  <datafield tag="245" ind1=" " ind2=" ">
    <subfield code="a">Little ICU Book Of Facts And Formulas</subfield>
  </datafield>
  <datafield tag="260" ind1=" " ind2=" ">
    <subfield code="b">General</subfield>
    <subfield code="a">New Delhi</subfield>
    <subfield code="c">2009</subfield>
  </datafield>
  <datafield tag="300" ind1=" " ind2=" ">
    <subfield code="a">781p</subfield>
  </datafield>
  <datafield tag="999" ind1=" " ind2=" ">
    <subfield code="c">156156</subfield>
    <subfield code="d">156156</subfield>
  </datafield>
  <datafield tag="952" ind1=" " ind2=" ">
    <subfield code="0">0</subfield>
    <subfield code="1">0</subfield>
    <subfield code="4">0</subfield>
    <subfield code="7">0</subfield>
    <subfield code="8">S</subfield>
    <subfield code="a">BTIN</subfield>
    <subfield code="b">BTIN</subfield>
    <subfield code="d">2009-02-28</subfield>
    <subfield code="e">Jaypee Brothers Medical Publishers</subfield>
    <subfield code="g">495.00</subfield>
    <subfield code="i">5385</subfield>
    <subfield code="l">0</subfield>
    <subfield code="o">S 610.73677 MAR B05646</subfield>
    <subfield code="p">BTIN-BK-5646</subfield>
    <subfield code="r">2023-04-11 00:00:00</subfield>
    <subfield code="v">359.00</subfield>
    <subfield code="w">2009-02-28</subfield>
    <subfield code="y">BK</subfield>
    <subfield code="z">B05646</subfield>
  </datafield>
  <datafield tag="952" ind1=" " ind2=" ">
    <subfield code="0">0</subfield>
    <subfield code="1">0</subfield>
    <subfield code="4">0</subfield>
    <subfield code="7">0</subfield>
    <subfield code="8">S</subfield>
    <subfield code="a">BTIN</subfield>
    <subfield code="b">BTIN</subfield>
    <subfield code="d">2013-03-20</subfield>
    <subfield code="e">B.J.Medical Co-oprative College Stores</subfield>
    <subfield code="g">625.00</subfield>
    <subfield code="i">5385</subfield>
    <subfield code="l">0</subfield>
    <subfield code="o">S 610.73677 MAR B07444</subfield>
    <subfield code="p">BTIN-BK-7444</subfield>
    <subfield code="r">2023-04-11 00:00:00</subfield>
    <subfield code="v">444.00</subfield>
    <subfield code="w">2009-02-28</subfield>
    <subfield code="y">BK</subfield>
    <subfield code="z">B07444</subfield>
  </datafield>
</record>
